| 000 | 00766nam a2200253 a 4500 | ||
|---|---|---|---|
| 003 | MX-MxUPN | ||
| 005 | 20221014063944.0 | ||
| 008 | 191120s1994 mx r 000 0 spa d | ||
| 020 | _a9681641485 | ||
| 035 | _aUPN01000234113 | ||
| 040 |
_aMX-MxUPN _bspa _cMX-MxUPN |
||
| 041 | 1 |
_aspa _hita |
|
| 050 | 4 |
_aRC454.4 _bI6.518 |
|
| 100 | 1 |
_aIonescu, Serban _943754 |
|
| 240 | 1 | 0 |
_a[Quatorze approches de la psychopathologie. _lEspañol] |
| 245 | 1 | 0 |
_aCatorce enfoques de la psicopatología / _cSerban Ionescu ; tr. María Antonia Neira Bigorra. |
| 250 | _aPrimera edición. | ||
| 260 |
_aMéxico, D.F. : _bFCE, _c1994. |
||
| 300 | _a446 páginas | ||
| 490 | 0 |
_aBreviarios ; _v527 |
|
| 650 | 7 |
_aPsicopatología _2 _945619 |
|
| 905 | _aLibro | ||
| 999 |
_c206208 _d206208 |
||